[Event "Challenge"]
[Site "http://www.queenalice.com/game.php?id=34474"]
[Date "2005.10.22"]
[Round "-"]
[White "vaopleod"]
[Black "abortix"]
[Result "1-0"]
[WhiteElo "2015"]
[BlackElo "2060"]

1. d4 Nf6 2. c4 g6 3. Nc3 d5 4. cxd5 Nxd5 5. e4 Nxc3 6. bxc3 e5 7. Nf3 exd4 8.
cxd4 Bb4+ 9. Bd2 Bxd2+ 10. Qxd2 Qe7 11. Bd3 Nc6 12. O-O Bg4 13. d5 Ne5 14. Bb5+
Kd8 15. Nxe5 Qxe5 16. Rab1 a6 17. Ba4 b5 18. Bc2 f6 19. Qb4 Be2 20. Rfe1 Bc4 21.
Rbd1 a5 22. Qc5 Qd6 23. Qe3 Bxa2 24. Bd3 Bb3 25. Rb1 Bc4 26. Bxc4 bxc4 27. Rbc1
Qb6 28. Qd2 Qc5 29. Qe2 Rb8 30. Rxc4 Qe7 31. Rec1 Qe5 32. Qa2 Ra8 33. Qa4 Qd6
34. Rxc7 Rf8 35. Rb7 Re8 36. Rxh7 Ra6 37. Rb1 Re7 38. Rh8+ Kc7 39. Qb5 Rb6 40.
Qxa5 Re8 41. Qa7+ Kd8 42. Rxb6 Qe5 43. Rb8+ 1-0

[Event "Let's play chess"]
[Site "http://www.queenalice.com/game.php?id=34703"]
[Date "2005.10.24"]
[Round "-"]
[White "hiu_abu_abu"]
[Black "abortix"]
[Result "0-1"]
[WhiteElo "1844"]
[BlackElo "2030"]

1. d4 d5 2. c4 e6 3. a3 dxc4 4. Nc3 c5 5. e3 cxd4 6. exd4 Nc6 7. Nf3 Na5 8. Bxc4
Nxc4 9. Qa4+ Bd7 10. Qxc4 Rc8 11. Qd3 Nf6 12. O-O Bc6 13. Ne5 Bd6 14. Bf4 O-O
15. Bg5 Bxe5 16. Rad1 Bxh2+ 17. Kxh2 Ng4+ 18. Kg1 Qxg5 19. Qg3 Rfd8 20. Rd3 Qf5
21. Rfd1 b6 22. b4 a6 23. Ne2 Bb5 24. Rf3 Qc2 25. Re1 Qxe2 26. Re3 Nxe3 27. Rxe2
Rc1+ 28. Kh2 Nf1+ 0-1

[Event "Challenge"]
[Site "http://www.queenalice.com/game.php?id=35290"]
[Date "2005.10.27"]
[Round "-"]
[White "thiferri"]
[Black "abortix"]
[Result "0-1"]
[WhiteElo "1502"]
[BlackElo "2040"]

1. e4 c5 2. e5 Nc6 3. Nf3 Qc7 4. d4 cxd4 5. Bf4 e6 6. Nxd4 Nxe5 7. Nb5 Nd3+ 8.
Qxd3 Qxf4 9. Qc3 Bb4 10. Nc7+ Kf8 11. Nxa8 Qc1+ 12. Ke2 Bxc3 13. Nxc3 Qxa1 14.
Nc7 Qxb2 15. N3b5 Qxc2+ 16. Ke3 a6 17. Bd3 Qc5+ 18. Ke2 Qe5+ 19. Kd2 Qf4+ 0-1

[Event "Challenge"]
[Site "http://www.queenalice.com/game.php?id=36252"]
[Date "2005.11.3"]
[Round "-"]
[White "capanegra"]
[Black "abortix"]
[Result "1-0"]
[WhiteElo "2040"]
[BlackElo "1979"]

1. e4 c5 2. Nf3 d6 3. d4 cxd4 4. Nxd4 Nf6 5. Nc3 e6 6. g4 e5 7. Bb5+ Bd7 8.
Bxd7+ Qxd7 9. Nf5 h5 10. gxh5 d5 11. h6 gxh6 12. Nxd5 Nxd5 13. Qxd5 Qxd5 14.
exd5 Na6 15. Bd2 Rd8 16. c4 Nc5 17. Ke2 Ne4 18. Be3 b6 19. a4 Nc5 20. b4 Ne4 21.
a5 b5 22. Kd3 Nf6 23. Bxa7 Bxb4 24. cxb5 Nxd5 25. Kc4 Rg8 26. Rhg1 Rg6 27. Rxg6
fxg6 28. Nxh6 Rd7 29. a6 Bc3 30. Rg1 Rxa7 31. Kxd5 Bd4 32. Rxg6 Rd7+ 33. Kc6 Ra7
34. Rg8+ Ke7 35. Rg7+ Ke6 36. Rxa7 Bxa7 37. b6 1-0

[Event "Challenge"]
[Site "http://www.queenalice.com/game.php?id=36316"]
[Date "2005.11.4"]
[Round "-"]
[White "JimMorrisson"]
[Black "abortix"]
[Result "1-0"]
[WhiteElo "2071"]
[BlackElo "1976"]

1. e4 Nf6 2. e5 Nd5 3. c4 Nb6 4. d4 d6 5. f4 g5 6. exd6 cxd6 7. fxg5 Nc6 8. Nf3
Bg7 9. Nc3 Bg4 10. Be3 d5 11. c5 Nc4 12. Bxc4 dxc4 13. d5 Ne5 14. O-O O-O 15.
Qa4 Nxf3+ 16. gxf3 Bh3 17. Rfd1 f6 18. Qxc4 fxg5 19. Bxg5 Qc8 20. Rd3 e6 21. Re1
Rf5 22. f4 Bg4 23. Rxe6 Rf7 24. Rg3 Bf5 25. Nb5 Qb8 26. Nd6 b5 27. Qc1 Bxe6 28.
dxe6 Bd4+ 29. Kg2 Rg7 30. Nf5 a6 31. Nxg7 Bxg7 32. Bh6 Ra7 33. Qc3 Qf8 34. Rxg7+
Rxg7+ 35. Qxg7+ Qxg7+ 36. Bxg7 Kxg7 37. c6 1-0

[Event "Sad san ozbiljan ;-)"]
[Site "http://www.queenalice.com/game.php?id=36631"]
[Date "2005.11.5"]
[Round "-"]
[White "abortix"]
[Black "divukman"]
[Result "1-0"]
[WhiteElo "2012"]
[BlackElo "1936"]

1. e4 c5 2. Nf3 d6 3. d4 cxd4 4. Nxd4 Nf6 5. Nc3 Nc6 6. Bb5 Bd7 7. Nxc6 Bxc6 8.
Bxc6+ bxc6 9. O-O e6 10. Be3 Be7 11. Qf3 O-O 12. Rad1 d5 13. Bd4 Qb8 14. exd5
Nxd5 15. Nxd5 cxd5 16. Rfe1 Bd6 17. Qh5 Qc7 18. c3 Rab8 19. Bxg7 Kxg7 20. Qg5+
Kh8 21. Qf6+ Kg8 22. Rd4 Bxh2+ 23. Kh1 Rfe8 24. Rg4+ Kf8 25. b3 Bd6 26. Rh4 Kg8
27. g3 Rbc8 28. Rxh7 Kxh7 29. Kg2 Bxg3 30. fxg3 Qxg3+ 31. Kxg3 Rg8+ 32. Kf4 Rg7
33. Rh1+ Kg8 34. Qh6 1-0

[Event "Challenge"]
[Site "http://www.queenalice.com/game.php?id=36918"]
[Date "2005.11.7"]
[Round "-"]
[White "Reddaz"]
[Black "abortix"]
[Result "0-1"]
[WhiteElo "1655"]
[BlackElo "1958"]

1. c4 Nf6 2. Nc3 e6 3. d4 Bb4 4. Bd2 O-O 5. c5 d6 6. a3 Bxc3 7. Bxc3 dxc5 8.
dxc5 Qe7 9. b4 Rd8 10. Qc2 a5 11. e3 axb4 12. Bxb4 Nc6 13. Rd1 Rxd1+ 14. Qxd1 b6
15. Bb5 Nxb4 16. axb4 Bb7 17. f3 bxc5 18. bxc5 Qxc5 19. Qe2 Bd5 20. Nh3 Ra1+ 0-1

[Event "Challenge"]
[Site "http://www.queenalice.com/game.php?id=37854"]
[Date "2005.11.13"]
[Round "-"]
[White "abortix"]
[Black "JimMorrisson"]
[Result "1-0"]
[WhiteElo "1965"]
[BlackElo "2180"]

1. e4 c5 2. Nc3 e6 3. Nf3 a6 4. Be2 b5 5. d3 Bb7 6. Bf4 d6 7. a4 b4 8. Nb1 Nd7
9. Nbd2 Ngf6 10. O-O Be7 11. h3 O-O 12. Qb1 a5 13. Bh2 Nb6 14. Qe1 d5 15. e5
Nfd7 16. Qb1 f5 17. c3 Bc6 18. cxb4 axb4 19. a5 Nc8 20. Nb3 Na7 21. Rd1 Qc7 22.
Qc1 Rfc8 23. d4 c4 24. Nbd2 Nb5 25. a6 Qb6 26. Nb1 Rxa6 27. Rxa6 Qxa6 28. Bf4
Qb6 29. Bg5 Bf8 30. Be3 h6 31. g4 Bb7 32. gxf5 exf5 33. Qc2 Qe6 34. Nh4 g6 35.
Nd2 Be7 36. Ng2 Kh7 37. h4 Qb6 38. h5 Rg8 39. Nf4 gxh5+ 40. Kf1 Rf8 41. Bxh5
Nxd4 42. Bxd4 Qxd4 43. Ng6 Rf7 44. Nxc4 Qc5 45. e6 b3 46. Qc1 Rg7 47. exd7 Ba6
48. Be2 Rxg6 49. Qe3 Qb4 50. Ne5 Bxe2+ 51. Qxe2 Rf6 52. Qh5 Qd6 53. Qe8 Rf8 54.
Rc1 Qa6+ 55. Rc4 Qf6 56. Rc6 Qg7 57. Ng6 1-0

[Event "Challenge"]
[Site "http://www.queenalice.com/game.php?id=39548"]
[Date "2005.11.24"]
[Round "-"]
[White "iamc"]
[Black "abortix"]
[Result "0-1"]
[WhiteElo "2085"]
[BlackElo "2042"]

1. e4 e5 2. Nc3 Nf6 3. f4 d5 4. fxe5 Nxe4 5. Nf3 Bb4 6. Qe2 Bxc3 7. bxc3 O-O 8.
Qe3 Bg4 9. Be2 Nc6 10. O-O Re8 11. d4 f6 12. exf6 Nxf6 13. Qd3 Qd6 14. a4 a6 15.
c4 Nb4 16. Qd1 Qe6 17. Ne5 Bxe2 18. Qxe2 dxc4 19. Ba3 Qd5 20. Rad1 Nd3 21. cxd3
Qxd4+ 22. Kh1 Rxe5 23. Qc2 c3 24. Qb3+ Nd5 25. Qxb7 Rae8 26. Qb3 Kh8 27. Bc1 Re2
28. Qc4 c5 29. Rg1 Nb4 30. h3 c2 31. Rdf1 Nxd3 32. Qf7 h6 33. Qg6 Nf2+ 34. Rxf2
Qxf2 35. Bb2 R8e5 36. Qxa6 Re1 37. Qc8+ Kh7 0-1

[Event "Challenge"]
[Site "http://www.queenalice.com/game.php?id=39843"]
[Date "2005.11.26"]
[Round "-"]
[White "abortix"]
[Black "iamc"]
[Result "0-1"]
[WhiteElo "2058"]
[BlackElo "2063"]

1. c4 e5 2. Nc3 Nc6 3. e3 g6 4. d4 Bg7 5. d5 Nce7 6. Nf3 d6 7. Bd3 f5 8. e4 Nf6
9. O-O O-O 10. exf5 gxf5 11. Ng5 h6 12. Ne6 Bxe6 13. dxe6 Qc8 14. Qb3 c6 15. Rd1
b6 16. Bc2 Qxe6 17. Rxd6 Qf7 18. c5 Qxb3 19. Bxb3+ Kh8 20. Re6 Nfg8 21. Bd2 Rad8
22. Rd1 e4 23. cxb6 axb6 24. Be3 Rxd1+ 25. Nxd1 Rb8 26. h3 c5 27. g4 Rd8 28.
Rxb6 c4 29. Bc2 f4 30. Bxf4 Nd5 31. Rd6 Rxd6 32. Bxd6 Ngf6 33. Ba4 Nb6 34. Bc6
Nfd5 35. Bc5 Bxb2 36. Nxb2 c3 37. Bxd5 Nxd5 38. Na4 c2 39. Ba3 Nf4 40. Nc5 Ne2+
41. Kf1 c1=Q+ 42. Bxc1 Nxc1 43. a4 Na2 44. a5 Nb4 45. a6 Nc6 0-1

[Event "Challenge"]
[Site "http://www.queenalice.com/game.php?id=40283"]
[Date "2005.11.27"]
[Round "-"]
[White "csparrow"]
[Black "abortix"]
[Result "1/2-1/2"]
[WhiteElo "2098"]
[BlackElo "2027"]

1. Nf3 Nf6 2. d4 d5 3. c4 e6 4. Bg5 Be7 5. Nc3 Nbd7 6. e3 O-O 7. Rc1 c6 8. Bd3
dxc4 9. Bxc4 Nd5 10. Bxe7 Qxe7 11. Ne4 b6 12. O-O Bb7 13. Ne5 Rad8 14. Nxd7 Rxd7
15. Qh5 c5 16. dxc5 Nxe3 17. fxe3 Bxe4 18. Qe5 Bb7 19. cxb6 axb6 20. Rcd1 Rfd8
21. Rxd7 Qxd7 22. Qf4 Bc6 23. Rf2 h6 24. Bb3 Bb5 25. h3 Bc6 26. a3 b5 27. Bc2
Qa7 28. Kh2 Qe7 29. e4 1/2-1/2

[Event "Challenge"]
[Site "http://www.queenalice.com/game.php?id=42024"]
[Date "2005.12.7"]
[Round "-"]
[White "dll"]
[Black "abortix"]
[Result "0-1"]
[WhiteElo "1880"]
[BlackElo "2040"]

1. e4 e5 2. Nf3 Nc6 3. Bb5 a6 4. Bxc6 dxc6 5. d4 exd4 6. Qxd4 Qxd4 7. Nxd4 Bd6
8. Nc3 Ne7 9. Be3 O-O 10. O-O-O Re8 11. Rhe1 c5 12. Nde2 Ng6 13. h3 b5 14. f3
Be6 0-1

[Event "Challenge"]
[Site "http://www.queenalice.com/game.php?id=50061"]
[Date "2006.1.29"]
[Round "-"]
[White "NextFuture"]
[Black "abortix"]
[Result "0-1"]
[WhiteElo "2036"]
[BlackElo "2042"]

1. Nf3 g6 2. e4 Bg7 3. d4 d5 4. exd5 c6 5. dxc6 Nxc6 6. d5 Nb4 7. Bb5+ Kf8 8. c4
Bf5 9. O-O Nc2 10. Nc3 Nxa1 11. Ba4 Qb6 12. Be3 Qxb2 13. Bd4 Rc8 14. d6 exd6 15.
Re1 Nc2 16. Bxc2 Qxc2 17. Bxg7+ Kxg7 18. Qd4+ f6 19. Nd5 Qxc4 20. Qd2 Qd3 21.
Qa5 Rc5 0-1

[Event "Challenge"]
[Site "http://www.queenalice.com/game.php?id=57474"]
[Date "2006.3.15"]
[Round "-"]
[White "fred57"]
[Black "abortix"]
[Result "1-0"]
[WhiteElo "2042"]
[BlackElo "2073"]

1. c4 Nf6 2. Nc3 e5 3. Nf3 Nc6 4. e3 d5 5. cxd5 Nxd5 6. Bb5 Nxc3 7. bxc3 e4 8.
Ne5 a6 9. Qb3 Be6 10. Bxc6+ bxc6 11. Qb7 Bd5 12. c4 Rb8 13. Qxa6 Rb6 14. Qa4 Bd6
15. cxd5 Bxe5 16. Qxe4 Qxd5 17. Qxd5 cxd5 18. d4 Bf6 19. a4 Kd7 20. a5 Ra6 21.
Ra4 Rc8 22. Bd2 c5 23. dxc5 Rxc5 24. Ke2 Rc4 25. Ra3 Be5 26. h3 Rc2 27. Rb1 Bd6
28. Ra4 Rc4 29. Rxc4 1-0

[Event "Challenge"]
[Site "http://www.queenalice.com/game.php?id=57661"]
[Date "2006.3.16"]
[Round "-"]
[White "abortix"]
[Black "fred57"]
[Result "0-1"]
[WhiteElo "2056"]
[BlackElo "2059"]

1. e4 c5 2. f4 Nc6 3. Nf3 e6 4. Bb5 Nge7 5. d4 cxd4 6. c3 d5 7. Nxd4 dxe4 8. Nd2
a6 9. Nxc6 bxc6 10. Ba4 f5 11. Nc4 Qxd1+ 12. Kxd1 Kd8 13. Ne5 Kc7 14. Ke2 Ng6
15. Bxc6 Rb8 16. Nxg6 hxg6 17. Ba4 Bd6 18. Bb3 e5 19. fxe5 Bxe5 20. Bg5 a5 21.
Rad1 a4 22. Bxa4 Rxb2+ 23. Rd2 Ba6+ 24. Kf2 Rxd2+ 25. Bxd2 f4 0-1

[Event "Challenge"]
[Site "http://www.queenalice.com/game.php?id=68196"]
[Date "2006.5.10"]
[Round "-"]
[White "gillou"]
[Black "abortix"]
[Result "0-1"]
[WhiteElo "1974"]
[BlackElo "2060"]

1. d4 f5 2. Bg5 h6 3. Bf4 g5 4. e3 Bg7 5. Qh5+ Kf8 6. Bg3 c5 7. c3 Nf6 8. Qd1
Qb6 9. Qc2 cxd4 10. cxd4 Nc6 11. Nc3 f4 12. exf4 Nxd4 13. Qd2 d6 14. Bd3 Nh5 15.
fxg5 hxg5 16. Nge2 Bg4 17. O-O Nxe2+ 18. Bxe2 Nxg3 19. hxg3 Be6 20. Bf3 Be5 21.
Qxg5 Qxb2 22. Nd5 Bf6 23. Nxf6 Qxf6 24. Qxf6+ exf6 25. Bxb7 Rb8 26. Rfe1 Rxb7
27. Rxe6 Rbh7 0-1

[Event "Challenge"]
[Site "http://www.queenalice.com/game.php?id=70201"]
[Date "2006.5.20"]
[Round "-"]
[White "rojen12"]
[Black "abortix"]
[Result "1-0"]
[WhiteElo "1618"]
[BlackElo "2040"]

1. d4 d5 2. Nc3 Nf6 3. e3 e6 4. Nf3 c5 5. Be2 Nc6 6. Bb5 Be7 7. Bxc6+ bxc6 8.
Ne5 Qc7 9. f4 cxd4 10. Qxd4 Rb8 11. O-O Ba6 12. Rd1 Rb4 13. Qd2 O-O 14. a3 Rbb8
15. b4 c5 16. b5 Bxb5 17. Nxb5 Rxb5 18. a4 Rb4 19. c3 Rb3 20. Qc2 c4 21. Nf3 Ne4
22. Rb1 Rxb1 23. Qxb1 Nxc3 24. Qc2 Nxd1 25. Qxd1 Bc5 26. Qc2 Qxf4 27. Kh1 Bxe3
28. Bxe3 1-0

[Event "Challenge"]
[Site "http://www.queenalice.com/game.php?id=70202"]
[Date "2006.5.20"]
[Round "-"]
[White "peace"]
[Black "abortix"]
[Result "1-0"]
[WhiteElo "1475"]
[BlackElo "2010"]

1. d4 e6 2. e4 d5 3. e5 f6 4. Nf3 c5 5. dxc5 Bxc5 6. Bb5+ Bd7 7. Bxd7+ Nxd7 8.
O-O fxe5 9. b3 e4 10. Nd4 Bxd4 11. Qxd4 Qf6 12. Qxf6 Ngxf6 13. Nc3 Rc8 14. Bb2
d4 15. Nb5 Rxc2 16. Rab1 e5 17. Nxa7 O-O 18. Nb5 Ng4 19. Ba3 Rfxf2 20. Rxf2 Nxf2
21. h4 d3 22. Nd6 d2 23. Kh2 e3 24. Kg1 e2 25. Kxf2 1-0

[Event "Challenge"]
[Site "http://www.queenalice.com/game.php?id=76300"]
[Date "2006.6.14"]
[Round "-"]
[White "umbenetti"]
[Black "abortix"]
[Result "1-0"]
[WhiteElo "2184"]
[BlackElo "1980"]

1. e4 e5 2. Nf3 Nc6 3. Bb5 a6 4. Ba4 Nf6 5. O-O Be7 6. Nc3 b5 7. Bb3 a5 8. Nxb5
Ba6 9. a4 Nxe4 10. d4 exd4 11. Re1 Nc5 12. Bf4 Nxb3 13. Bxc7 1-0

[Event "Let's Play Chess!"]
[Site "http://www.queenalice.com/game.php?id=315911"]
[Date "2007.12.9"]
[Round "-"]
[White "BogusBogart"]
[Black "abortix"]
[Result "1-0"]
[WhiteElo "2043"]
[BlackElo "1972"]

1. d4 Nf6 2. Nf3 e6 3. e3 b6 4. Bd3 Bb7 5. b3 d5 6. O-O Bd6 7. Nbd2 O-O 8. Bb2
c5 9. Qe2 Nc6 10. Ne5 Qc7 11. f4 Nb4 12. Rfc1 cxd4 13. Bxd4 Rac8 14. Ng4 Nxg4
15. Qxg4 f5 16. Qe2 Nxd3 17. Qxd3 1-0

[Event "redmosquito"]
[Site "http://www.queenalice.com/game.php?id=317381"]
[Date "2007.12.9"]
[Round "-"]
[White "abortix"]
[Black "darkjedi"]
[Result "0-1"]
[WhiteElo "1959"]
[BlackElo "1932"]

1. e4 c5 2. Nf3 d6 3. d4 cxd4 4. Nxd4 Nf6 5. Nc3 a6 6. f3 e6 7. Be3 Be7 8. g4
O-O 9. g5 Nh5 10. Qd2 Nc6 11. O-O-O Qc7 12. Be2 g6 13. f4 Ng7 14. h4 Nxd4 15.
Bxd4 b5 16. f5 gxf5 0-1